[Event "Llinars del Valles op-A 9th"]
[Site "Llinars del Valles"]
[Date "2015.04.11"]
[Round "1"]
[White "Galino Lopez, Aurelio"]
[Black "Panades Catarineu, Oriol"]
[Result "1-0"]
[WhiteElo "1960"]
[BlackElo "1901"]
[PlyCount "117"]
[EventDate "2015.04.11"]
[EventType "swiss"]
[EventRounds "9"]
[EventCountry "ESP"]
[SourceTitle "EXT 2016"]
[Source "ChessBase"]
[SourceDate "2015.10.08"]
[SourceVersion "1"]
[SourceVersionDate "2015.10.08"]
[SourceQuality "1"]

1. e4 c5 2. Nf3 e6 3. Qe2 Nf6 4. g3 d5 5. d3 Nc6 6. Bg2 b6 7. Nc3 d4 8. Nd1 Bb7 9. 0-0 Be7 10. Ne1 Qc7 11. f4 0-0-0 12. Nf2 Nd7 13. Nf3 f6 14. Bd2 e5 15. fxe5 Ndxe5 16. Nxe5 Nxe5 17. Ng4 Bd6 18. Nxe5 Bxe5 19. Bf4 Kb8 20. Bxe5 Qxe5 21. Rf5 Qe7 22. Raf1 Rhf8 23. Qf3 Rfe8 24. g4 Qd7 25. b3 Re7 26. g5 fxg5 27. Qg3+ Ka8 28. Qxg5 g6 29. Rf7 Rde8 30. Bh3 Qd8 31. Rxe7 Rxe7 32. Rf7 Re8 33. Qxd8+ Rxd8 34. Rxh7 Bc8 35. Bxc8 Rxc8 36. Kg2 b5 37. Kg3 c4 38. Rd7 cxb3 39. cxb3 Rc2 40. Rxd4 Rxa2 41. e5 Re2 42. Rd5 Kb7 43. h4 Kc7 44. Kf4 Rh2 45. Kg5 Rh3 46. e6 Re3 47. Kf6 Kc6 48. Rd8 Rf3+ 49. Kxg6 Re3 50. Kf7 Rf3+ 51. Ke8 a5 52. e7 a4 53. bxa4 bxa4 54. Rd4 a3 55. Kd8 Re3 56. e8Q+ Rxe8+ 57. Kxe8 Kb5 58. Rc4 a2 59. Rc1 1-0